000 00591nam a2200169 i 4500
001 32518
003 ES-MaACL
005 20251203063031.0
007 t|
008 030131s1932 sp ||||1| spa d
100 1 _aBergua, Juan B.,
_d1892-1991
_928018
245 1 3 _aLa salvación roja
_b: bases para instauración de una república comunista en España según la nueva ética, la nueva moral y el nuevo Derecho /
_cJuan B. Bergua.
260 _aMadrid :
_b[s.n.,
_c1932] (
_fSèz Hermanos)
300 _a210 p. ;
_c19 cm.
852 _aES-MaACL
_jF-13853
999 _c32518
_d32518